000 00741nam a2200253Ia 4500
003 OSt
005 20220918164520.0
006 a|||||r|||| 00| 0
007 ta
008 220917b |||||||| |||| 00| 0 eng d
020 _a0670224847
024 _a252,127
037 _cTextual
040 _aARTS
_cARTS
_beng
041 _2eng
_aeng
082 _aY773:3(D)v.N00<-L76, L6
100 _aF. Kasson John
_919279
245 0 _aCivilising the machine
_b Technology and Republican values in America 1776-1900
260 _aNew York
_bGrossman Publishers UK
_c1976
300 _axiv,274p.
_ccm.
650 _aSOCIOLOGY
942 _hY773:3(D)v.N00<-L76, L6
_cTEXL
_2CC
999 _c125142
_d125142